000 01637nam a2200385 a 4500
001 ebr10381309
003 CaPaEBR
006 m u
007 cr cn|||||||||
008 100603r20041953dcu s 001 0 eng d
010 _z 67028586
020 _z9780813200224
020 _z0813214025 (pbk.)
020 _z9780813211220 (e-book)
040 _aCaPaEBR
_cCaPaEBR
035 _a(OCoLC)647916532
041 1 _aeng
_hund
050 1 4 _aBR65.G62
_bE54 2004eb
100 0 _aGregory,
_cof Nazianzus, Saint.
245 1 0 _aFuneral orations
_h[electronic resource] /
_cby Saint Gregory Nazianzen and Saint Ambrose ; translated by Leo P. McCauley ... [et al.] ; with an introduction on the early Christian funeral oration by Martin R.P. McGuire.
260 _aWashington, D.C. :
_bCatholic University of America Press,
_c2004, c1953.
300 _axxiii, 344 p.
490 1 _aThe fathers of the church : a new translation ;
_vv. 22
500 _aFirst paperback reprint.
500 _aIncludes index.
533 _aElectronic reproduction.
_bPalo Alto, Calif. :
_cebrary,
_d2010.
_nAvailable via World Wide Web.
_nAccess may be limited to ebrary affiliated libraries.
650 0 _aFuneral sermons.
655 7 _aElectronic books.
_2local
700 0 _aAmbrose,
_cSaint, Bishop of Milan,
_dd. 397.
700 1 _aMcCauley, Leo P.
700 1 _aMcGuire, Martin R. P.
_q(Martin Rawson Patrick),
_d1897-1969.
710 2 _aebrary, Inc.
830 0 _aFathers of the church ;
_vv. 22.
856 4 0 _uhttp://site.ebrary.com/lib/rucke/Doc?id=10381309
_zAn electronic book accessible through the World Wide Web; click to view
999 _c102439
_d102439